01122nam a2200301Ia 4500001001200000003000800012006001900020007001500039008004100054020002600095020002300121040002100144035002100165050002200186100001900208245011900227250001200346260003700358300001500395533015200410650003200562650002000594655002900614700001700643710001700660856012600677999001700803ebr10351543CaPaEBRm u cr cn|||||||||090122s2009 at s 000 0 eng d z9781921410802 (Paper) z1921410809 (Paper) aCaPaEBRcCaPaEBR a(OCoLC)64687567914aK370b.H43 2009eb1 aHead, Michael.10aLaw in perspectiveh[electronic resource] :bethics, society and critical thinking /cMichael Head and Scott Mann. a2nd ed. aSydney, AU :bUNSW Press,c2009. axv, 544 p. aElectronic reproduction.bPalo Alto, Calif. :cebrary,d2010.nAvailable via World Wide Web.nAccess may be limited to ebrary affiliated libraries. 0aSociological jurisprudence. 0aLaw and ethics. 7aElectronic books.2local1 aMann, Scott.2 aebrary, Inc.40uhttp://site.ebrary.com/lib/rucke/Doc?id=10351543zAn electronic book accessible through the World Wide Web; click to view c45932d45932